000 00657cam a2200181 i 4500
001 000019830
005 20200929170144.0
008 760331s1974 xxu 000 0 eng
020 _a077480033X.
040 _aDO-SdBNP
_bspa
_cBNPHU
041 1 7 _aeng
245 0 0 _aVisitors who never left :
_bthe origin of the people of Damelahamid /
_ctranslated and arr. by Kenneth B. Harris ; in collaboration with Frances M. P. Robinson.
260 _aCanadá :
_bUniversity of British Columbia Press,
_c1974.
300 _axxiii, 139 p. ;
_c23 cm.
504 _aBiografĂ­a : p. 139.
700 1 _aHarris, Kenneth B.
_942326
700 1 _aRobinson, Frances M. P.
_942327
999 _c19343
_d19343